000
00456nam a2200145Ia 4500
008
100204s9999 xx 000 0 und d
082
_b
8833
100
_a
जागिरदार गजानन
245
_a
पाउलखुणा
260
_b
"मॅजेस्टिक प्रकाशन , मुंबई"
_c
1986
300
_a
260
630
_a
पाउलखुणा
730
_a
पाउलखुणा
942
_c
BOOK
999
_c
453269
_d
453266